Moons of Saturn- Sudden Death - Statistics

General Stats
  • This quiz has been taken 19 times
  • The average score is 4 of 6
Answers on the Grid
Answers color-coded by a green-red scale on the quiz's grid according to % correct below.
Rhea
Iapetus
Umbriel
Hydra
Titania
Titan
Hyperion
Miranda
Tethys
Triton
Ganymede
Io
Ymir
Neso
 
Answer Stats
Answer % Correct
Titan
93%
Hyperion
79%
Rhea
71%
Iapetus
64%
Tethys
50%
Ymir
50%
No matching quizzes found
Score Distribution
Percent of People with Each Score
Percentile by Number Answered
Your Score History
You have not taken this quiz